Cekap Bertindak Pasti Berjaya

Bibliographic Details
Main Author: Anis Nafisah (Author)
Format: Book
Language:Malay
Published: Seri Kembangan, Selangor : PEP PUBLICATIONS SDN. BHD. [202?]
Series:Siri inspirasi peribahasa
Subjects:

MARC

LEADER 00000cam a2200000 7i4500
001 0000154792
005 20250210.0
008 250123 my a x f may
020 |a 9786294830608 
040 |a PERPUSTAM   |b eng   |c PERPUSTAM   |e rda 
041 |a may 
090 0 0 |a J 899.2333   |b ANI 
100 0 |a Anis Nafisah ,   |e author 
245 1 0 |a Cekap Bertindak Pasti Berjaya   |c Anis Nafisah 
264 1 |a Seri Kembangan, Selangor :   |b PEP PUBLICATIONS SDN. BHD.   |c [202?] 
300 |a 16 pages :   |b colour illustrations ;   |c 26 cm. 
336 |a text  |2 rdacontent 
337 |a unmediated  |2 rdamedia 
338 |a volume  |2 rdacarrier 
490 1 |a Siri Inspirasi Peribahasa 
650 0 |a Malay fiction 
650 2 0 |a Children's stories, Malay 
830 0 |a Siri inspirasi peribahasa 
999 |a 0000819619   |b Buku   |c Koleksi Pinjaman Kanak-Kanak   |e Perbadanan Perpustakaan Awam Melaka 
999 |a 0000819620   |b Buku   |c Koleksi Pinjaman Kanak-Kanak   |e Perbadanan Perpustakaan Awam Melaka 
999 |a 0000819621   |b Buku   |c Koleksi Pinjaman Kanak-Kanak   |e Perbadanan Perpustakaan Awam Melaka 
999 |a 0000819622   |b Buku   |c Koleksi Pinjaman Kanak-Kanak   |e Perpustakaan Cawangan Jasin 
999 |a 0000819623   |b Buku   |c Koleksi Pinjaman Kanak-Kanak   |e Perpustakaan Cawangan Masjid Tanah 
999 |a 0000819624   |b Buku   |c Koleksi Pinjaman Kanak-Kanak   |e Perpustakaan Cawangan Merlimau 
999 |a 0000819625   |b Buku   |c Koleksi Pinjaman Kanak-Kanak   |e Perpustakaan Komuniti UTC Melaka 
999 |a 0000819626   |b Buku   |c Koleksi Pinjaman Kanak-Kanak   |e Perbadanan Perpustakaan Awam Melaka 
999 |a 0000819627   |b Buku   |c Koleksi Pinjaman Kanak-Kanak   |e Perbadanan Perpustakaan Awam Melaka 
999 |a 0000819628   |b Buku   |c Koleksi Pinjaman Kanak-Kanak   |e Perpustakaan Desa Asahan